Witamy w Bibliotece Naukowej Instytutu Łączności!

Einfuehrung in die mikrowellen / (Rekord nr 7494)

000 -LEADER
fixed length control field 00255 a2200085 4500
100 1# - MAIN ENTRY--PERSONAL NAME
Personal name Klinger, H.H..
Relator term Autor
245 0# - TITLE STATEMENT
Title Einfuehrung in die mikrowellen /
Statement of responsibility, etc Klinger H.H..
260 ## - PUBLICATION, DISTRIBUTION, ETC. (IMPRINT)
Place of publication, distribution, etc Stuttgart :
Name of publisher, distributor, etc Hirzel,
Date of publication, distribution, etc 1954.
300 ## - PHYSICAL DESCRIPTION
Extent VIII, 117 s.;
Dimensions 24 cm.
710 2# - ADDED ENTRY--CORPORATE NAME
Corporate name or jurisdiction name as entry element Hirzel.
Relator term Wydawca
Relator code pbl
Egzemplarze
Withdrawn status Lost status Source of classification or shelving scheme Damaged status Not for loan Permanent Location Current Location Shelving location Date acquired Cost, normal purchase price Inventory number Full call number Barcode Date last seen Price effective from Koha item type
          Instytut Łączności Instytut Łączności Magazyn 1957-05-27 0.00 8140 8140 8140 2023-01-03 2017-11-30 Książki

Działa dzięki Koha